Josei ni kansuru junisho /
Saved in:
| Main Author: | |
|---|---|
| Format: | Book |
| Language: | Japanese |
| Published: |
Tōkyō :
Chūō Kōron,
Shōwa 29 [1954]
|
| Subjects: | |
| Tags: |
Add Tag
No Tags, Be the first to tag this record!
|
| LEADER | 00728nam a2200217 a 4500 | ||
|---|---|---|---|
| 001 | 007731462-X | ||
| 005 | 20024617122053.0 | ||
| 008 | 960508s1954 ja a 000 0 jpn d | ||
| 035 | 0 | |a ocm37124804 | |
| 040 | |a *BZV* |c *BZV* |d *YNH* |d CStRLIN | ||
| 050 | 4 | |a HQ1216 |b .I88 1954 | |
| 100 | 1 | |6 880-01 |a Itō, Sei, |d 1905-1969. | |
| 245 | 1 | 0 | |6 880-02 |a Josei ni kansuru junisho / |c Itō Sei cho. |
| 260 | |6 880-03 |a Tōkyō : |b Chūō Kōron, |c Shōwa 29 [1954] | ||
| 300 | |a 194 p. : |b ill. | ||
| 650 | 0 | |a Women |z Japan |x Social conditions. | |
| 880 | 1 | |6 100-01 |a 伊蕂整, |d 1905-1969. | |
| 880 | 1 | 0 | |6 245-02 |a 女性に關する十二章 / |c 伊蕂整著. |
| 880 | |6 260-03 |a 東京 : |b 中央公論, |c 昭和 29 [1954] | ||
| 988 | |a 20021220 | ||
| 906 | |0 OCLC | ||


